000 00448nam a2200169 i 4500
001 78356
003 ES-MaACL
005 20230906173652.0
007 t|
008 041013s1919 gw |||| |bger d
100 1 _aHagen, Oskar.
_961448
245 1 0 _aMatthias Grünewald /
_cOskar Hagen.
260 _aMünchen :
_bR. Piper und Cº,
_c1919.
300 _a226 p. ;
_c28 cm.
600 1 4 _aGrünewald, Matthias.
_960250
852 _aES-MaACL
_jF-1120
999 _c78356
_d78356